Scientific research in pakistan (Record no. 549859)

000 -LEADER
fixed length control field 00332nam a22001217a 4500
082 ## - DEWEY DECIMAL CLASSIFICATION NUMBER
Classification number 954.915092
Author Mark PCS
-- N-1, P-66
100 ## - MAIN ENTRY--PERSONAL NAME
Personal name PCST
9 (RLIN) 38279
245 ## - TITLE STATEMENT
Title Scientific research in pakistan
Statement of responsibility, etc. PCST
260 ## - PUBLICATION, DISTRIBUTION, ETC.
Place of publication, distribution, etc. islamabad
Name of publisher, distributor, etc. PCST
Date of publication, distribution, etc. 2000
300 ## - PHYSICAL DESCRIPTION
Extent viii,313p.
Other physical details ill
Dimensions 31 cm
526 ## - STUDY PROGRAM INFORMATION NOTE
Program name 0
Interest level 0
Reading level 0
Title point value 954_915092000000000_PCS
942 ## - ADDED ENTRY ELEMENTS (KOHA)
Source of classification or shelving scheme
Koha item type Book
Holdings
Withdrawn status Lost status Source of classification or shelving scheme Damaged status Not for loan Permanent Location Current Location Date acquired Total Checkouts Full call number Barcode Date last seen Price effective from Koha item type
          Military College of Engineering (MCE) Military College of Engineering (MCE) 10/15/2014   954.915092 PCS MCE-32604 10/15/2014 10/15/2014 Book
© 2023 Central Library, National University of Sciences and Technology. All Rights Reserved.